00550nam a2200145Ia 4500008004100000082002500041100002400066245008000090260002400170300001100194502001000205650007000215952010200285999001700387121101s9999 xx 000 0 und d aT 005.426 V422e 1997 aVega Palos, Adriana aElementos para la evaluación de un sistema de nomina / Adriana Vega Palos aMéxico : El Autor a181 p. aTESIS a1. ADMINISTRACIÓN DE ARCHIVOS 2. PROGRAMACIÓN DE SISTEMASÌ 00104070a12b12d2008-11-28l0oT 005.426 V422E 1997p12 002762r2015-04-22t1w2012-11-01yLB c87861d87861